|
|
|
|
| LEADER |
01417nam a22003972a 4500 |
| 001 |
001606128 |
| 003 |
CZ BrMZK |
| 005 |
20180315154736.0 |
| 007 |
ta |
| 008 |
171127s1965 xr a er|||||||||||cze d |
| 015 |
|
|
|a cnb001133362
|
| 035 |
|
|
|a (OCoLC)85637619
|
| 040 |
|
|
|a ABA001
|b cze
|c ABA001
|d ABA001
|d BOA001
|e aacr2
|
| 041 |
0 |
|
|a cze
|b eng
|b fre
|b rus
|
| 043 |
|
|
|a e-xr---
|b e-xr-pg
|2 czenas
|
| 045 |
|
|
|a x5x6
|
| 072 |
|
7 |
|a 069
|x Muzea. Muzeologie. Muzejnictví. Výstavy
|2 Konspekt
|9 12
|
| 080 |
|
|
|a 069:62
|2 MRF
|
| 080 |
|
|
|a (437.311)
|2 MRF
|
| 080 |
|
|
|a (082.2)
|2 MRF
|
| 100 |
1 |
|
|a Kuba, Josef,
|d 1915-1999
|7 jk01070225
|4 aut
|
| 245 |
1 |
0 |
|a Pět let práce Národního technického muzea :
|b 1959-63 /
|c Josef Kuba
|
| 260 |
|
|
|a Praha :
|b Národní technické muzeum,
|c 1965
|
| 300 |
|
|
|a s. 5-28 :
|b il. ;
|c 8°
|
| 546 |
|
|
|a Anglické, francouzské a ruské resumé
|
| 610 |
2 |
7 |
|a Národní technické muzeum (Praha, Česko)
|7 kn20010709076
|2 czenas
|
| 648 |
|
7 |
|a 20. století
|7 ch460558
|2 czenas
|
| 648 |
|
4 |
|a 1959-1963
|
| 650 |
0 |
7 |
|a technická muzea
|7 ph116406
|z Česko
|y 20. století
|2 czenas
|
| 651 |
|
7 |
|a Praha (Česko)
|7 ge118011
|2 czenas
|
| 655 |
|
7 |
|a jubilejní publikace
|7 fd131839
|2 czenas
|
| 787 |
0 |
8 |
|i Separát z:
|t Sborník NTM,
|g 4-1965
|
| 910 |
|
|
|a BOA001
|b X-0619.906
|
| 990 |
|
|
|a BK
|
| 991 |
|
|
|b 201711
|
| 996 |
6 |
|
|b 2618921923
|c X-0619.906
|l MZK
|r Sklad / do 24 hodin
|n 0
|w 001641548
|u 000010
|a 1
|e BOA001
|j MZK50
|s P
|